Liste des jeux Call Of Duty - Statistiques

Statistiques générales
  • Ce quiz a été pris 201 fois
    73 depuis la dernière actualisation
  • Le résultat moyen est 19 sur 22
Statistiques - réponses
Localisation Période Année Réponse % Correct
Moyen-Orient, Russie, États-Unis Conflit moderne, années 2000 2007 Call of Duty 4: Modern Warfare
100%
Moyen-Orient, Europe de l’Est Conflit moderne, années 2010 2019 Call of Duty: Modern Warfare
100%
Vietnam, Cuba, URSS Guerre froide, années 1960 2010 Call of Duty: Black Ops
98%
États-Unis, Russie, Moyen-Orient Conflit moderne, années 2010 2009 Call of Duty: Modern Warfare 2
98%
Diverses zones du Moyen-Orient et de l'Amérique du Sud Conflit moderne, années 2020 2022 Call of Duty: Modern Warfare II
98%
Monde entier (Europe, États-Unis, Moyen-Orient) Conflit moderne, années 2010 2011 Call of Duty: Modern Warfare 3
97%
Russie, Chicago, et Amsterdam Conflit moderne, années 2020 2023 Call of Duty: Modern Warfare III
97%
Diverses zones fictives Conflit moderne, années 2020 2018 Call of Duty: Black Ops 4
95%
États-Unis, Panama, futures dystopiques Guerre froide, futur proche (années 2025-2029) 2012 Call of Duty: Black Ops II
95%
Futur dystopique (principalement en Chine) Futur proche, années 2060 2015 Call of Duty: Black Ops III
93%
Europe de l’Ouest, principalement France et Allemagne Seconde Guerre mondiale 2003 Call of Duty
87%
Frontière Irak-Koweït, Bulgarie, États-Unis, Russie 1991, période de la guerre du Golfe 2024 Call of Duty: Black Ops 6
85%
États-Unis, Europe de l’Est Guerre froide, années 1980 2020 Call of Duty: Black Ops Cold War
83%
Pacifique Sud, Europe de l’Est Seconde Guerre mondiale 2008 Call of Duty: World at War
83%
Europe de l’Ouest, Afrique du Nord Seconde Guerre mondiale 2005 Call of Duty 2
80%
Monde entier (principalement États-Unis, Afrique) Futur proche, années 2050 2014 Call of Duty: Advanced Warfare
80%
Diverses zones mondiales, Avalon, Futur proche, année 2035 2025 Call of Duty: Black Ops 7
80%
Europe, principalement en France et en Allemagne Seconde Guerre mondiale 2017 Call of Duty: WWII
78%
Normandie, France Seconde Guerre mondiale 2006 Call of Duty 3
77%
États-Unis, Amérique du Sud Futur proche, après une guerre dévastatrice 2013 Call of Duty: Ghosts
73%
Espace, colonies spatiales, Terre Futur lointain, années 2080 2016 Call of Duty: Infinite Warfare
65%
Europe, Pacifique, Afrique du Nord Seconde Guerre mondiale 2021 Call of Duty: Vanguard
57%
Aucun quiz correspondant
Distribution des résultats
% des personnes avec chaque résultat
Percentile par nombre de réponses
Votre historique - résultats
Vous n’avez pas pris ce quiz depuis la dernière actualisation